| 000 | 01617nam2a2200289 4500 | ||
|---|---|---|---|
| 001 | RU\NLR\PER_A\003430503_001360 | ||
| 005 | 20260215052943.0 | ||
| 035 | _a(NLR Aleph) 022727614 | ||
| 090 |
_a13555039 _c13555039 |
||
| 100 | _a20260213d2025 u y0rusy50 ca | ||
| 101 | 0 |
_aeng _drus |
|
| 102 | _aRU | ||
| 105 | _aa z 000zy | ||
| 200 | 1 |
_aA new species of the genus Tapinella Enderlein, 1908 (Psocodea: insecta) from Amazon rainforest, French Guiana _fD. Georgiev |
|
| 210 |
_aVladivostok _c[s. n.] _d2025 |
||
| 215 |
_a20 с. _cил. _d21 |
||
| 300 | _aРез. на рус. яз. | ||
| 320 | _aБиблиогр.: с. 4-5, 18-20 | ||
| 423 | 0 |
_12001#$aFurther records of Ephydridae (Diptera) from the Republic of Mordovia (European Russia)$fJ.-H. Stuke, A. B. Ruchin, M. N. Esin _1210##$aVladivostok$d2025 _1215##$aС. 6-20 _1700#1$aStuke$bJ.-H. _tFurther records of Ephydridae (Diptera) from the Republic of Mordovia (European Russia) _aStuke, J.-H. |
|
| 461 | 0 |
_1001RU\NLR\INFOCOMM_49\5000065334 _12001#$aFar Eastern entomologist$dДальневосточный энтомолог$eJ. publ. by Far East branch of the Russ. entomological soc. a. Lab. of entomology, Inst. of biology a. pedology$zrus$v№ 526 _92822829 _cVladivostok _d1994- _lДальневосточный энтомолог _oJ. publ. by Far East branch of the Russ. entomological soc. a. Lab. of entomology, Inst. of biology a. pedology _tFar Eastern entomologist _x1026-051X _v№ 526 |
|
| 700 | 1 |
_aGeorgiev _bD. |
|
| 852 |
_aNLR _jP7/2878 |
||
| 942 | _cUNSPEC | ||
| 980 | _aINPER | ||
| 980 | _aNB | ||